| 000 | 00522pam a2200217 i 4500 | ||
|---|---|---|---|
| 001 | 4140564 | ||
| 005 | 20180127033337.0 | ||
| 008 | 770720s1977 pau 001 0 eng | ||
| 010 | _a 77075533 | ||
| 020 | _a0721625282 | ||
| 040 |
_aDLC _cDLC _dDLC |
||
| 041 | _aeng | ||
| 060 | _a616.24 | ||
| 080 | _a616.24 | ||
| 082 | 0 | 0 | _a616.24 CHE |
| 100 | 1 | _a4 | |
| 101 | _aSHM | ||
| 245 | 1 | 0 |
_aPulmonary function testing / _cReuben M. Cherniack. |
| 906 |
_a7 _bcbc _corignew _d1 _eopcn _f19 _gy-gencatlg |
||
| 942 |
_2ddc _cBK |
||
| 999 |
_c41068 _d41068 |
||